Catálogo

Historias paralelas : (Registro nro. 41502)

Detalles MARC
000 -LEADER
fixed length control field 01363cam a2200373 i 4500
001 - CONTROL NUMBER
control field 41502
003 - CONTROL NUMBER IDENTIFIER
control field Mx-PuUPA
005 - DATE AND TIME OF LATEST TRANSACTION
control field 20251124142313.0
008 - FIXED-LENGTH DATA ELEMENTS--GENERAL INFORMATION
fixed length control field 140415s2005 mx a gr 001 0 spa d
017 ## - COPYRIGHT OR LEGAL DEPOSIT NUMBER
Copyright or legal deposit number 1501052004-8986
020 ## - INTERNATIONAL STANDARD BOOK NUMBER
International Standard Book Number 9972426742
040 ## - CATALOGING SOURCE
Transcribing agency Mx-PuUPA
Original cataloging agency Mx-PuUPA
Language of cataloging spa
Modifying agency Mx-PuUPA
Description conventions rda
041 0# - LANGUAGE CODE
Language code of text/sound track or separate title spa
043 ## - GEOGRAPHIC AREA CODE
Geographic area code n-mx---
043 ## - GEOGRAPHIC AREA CODE
Geographic area code s-pe---
245 10 - TITLE STATEMENT
Title Historias paralelas :
Remainder of title actas del primer encuentro de historia Perú-México /
Statement of responsibility, etc. Margarita Guerra Martinière, Denisse Rouillon Almeida, editores
250 ## - EDITION STATEMENT
Edition statement Primera edición
264 #1 - PRODUCTION, PUBLICATION, DISTRIBUTION, MANUFACTURE, AND COPYRIGHT NOTICE
Place of production, publication, distribution, manufacture Zamora, Michoacán, México :
Name of producer, publisher, distributor, manufacturer El Colegio de Michoacán ;
Place of production, publication, distribution, manufacture Lima, Perú :
Name of producer, publisher, distributor, manufacturer Fondo Editorial de la Pontificia Universidad Católica del Perú,
Date of production, publication, distribution, manufacture, or copyright notice 2005
300 ## - PHYSICAL DESCRIPTION
Extent 430 páginas :
Other physical details ilustraciones, gráficas ;
Dimensions 25 cm
336 ## - CONTENT TYPE
Fuente rdacontent
Content type term texto
Content type code txt
337 ## - MEDIA TYPE
Source rdamedia
Media type term sin medio
Media type code n
338 ## - CARRIER TYPE
Source rdacarrier
Carrier type term volumen
Carrier type code nc
650 #7 - SUBJECT ADDED ENTRY--TOPICAL TERM
Source of heading or term armarc
Topical term or geographic name entry element Actas de congresos
651 #4 - SUBJECT ADDED ENTRY--GEOGRAPHIC NAME
Geographic name México
General subdivision Historia
Form subdivision Congresos
651 #4 - SUBJECT ADDED ENTRY--GEOGRAPHIC NAME
Geographic name Perú
General subdivision Historia
Form subdivision Congresos
651 #4 - SUBJECT ADDED ENTRY--GEOGRAPHIC NAME
Geographic name México
General subdivision Historia
651 #4 - SUBJECT ADDED ENTRY--GEOGRAPHIC NAME
Geographic name Perú
General subdivision Historia
700 1# - ADDED ENTRY--PERSONAL NAME
Personal name Guerra Martinière, Margarita,
Relator term editor
700 1# - ADDED ENTRY--PERSONAL NAME
Personal name Rouillón Almeida, Denisse,
Relator term editor
942 ## - ADDED ENTRY ELEMENTS (KOHA)
Source of classification or shelving scheme Dewey Decimal Classification
Koha item type Libro
Classification part 972
Item part H67
Existencias
Withdrawn status Lost status Source of classification or shelving scheme Damaged status Not for loan Collection code Home library Current library Shelving location Date acquired Source of acquisition Cost, normal purchase price Total Checkouts Full call number Barcode Date last seen Cost, replacement price Price effective from Koha item type
    Dewey Decimal Classification     General Biblioteca Karol Wojtyla Biblioteca Karol Wojtyla Sala general 03/12/2013 Donación 0.00   972 H67 2005 62588 19/01/2026 0.00 03/12/2013 Libro